000 00493nmm a2200157Ia 4500
008 251105s9999||||xx |||||||||||||||||und||
020 _a9788493655419
041 _aspa
100 _aLópez Calleja, Gorka
245 0 _aCroacia. Todos los capítulos :
_b La guía básica para descubrir el país
264 _a[Madrid, España] :
_bEcos Travel Books,
_c2009
300 _a216 páginas
490 _aMundo Insólito
856 _uhttps://public.digitaliapublishing.com/a/50758
942 _cCF
999 _c89190
_d89190